000 00692nam a2200229 a 4500
001 65010
003 BD-RjUL
005 20211209081358.0
008 170226s 1963iluab b 001 0 eng
035 _a(BD-RjUL)65140
040 _aDLC
_cDLC
_dBD-RjUL
_beng
041 _aeng
082 0 0 _a915.6
_223
_bLOM 1963
100 1 _aLongrigg, Stephen Hemsley.
_9191278
245 1 4 _aThe Middle East :
_ba social geography /
_cStephen Hemsley Longrigg
260 _aChicago :
_bAldine Pub. Co.,
_c1963
300 _a291 p. :
_bill. ;
_c23 cm.
504 _aBibliography: p. [272]-277.
650 _aPolitics and government
_vGeography
_9192698
651 0 _aMiddle East.
_9191188
942 _2ddc
_cBK
999 _c65010
_d65010